000 00557nam a2200157 a 4500
001 000033560
005 20210517141723.0
008 110831s1882 dr 000 0 spa d
040 _aDO-SdBNP
_bspa
_cBNPHU
082 _axxx
_bP438i
100 1 _aPérez, José Joaquín
_d1845-1900
_925442
245 1 3 _aLa industria agrícola /
_cJosé Joaquín Pérez.
260 _aSanto Domingo :
_bEl pueblo,
_c1882.
300 _a15 p. ;
_c21 cm.
500 _aLeida en la conferencia literaria celebrada por la Sociedad Amigos del País en la noche del 18 de mayo de 1882.
999 _c33051
_d33051